000 00426nam a2200181Ia 4500
001 10731
005 20260306161853.0
008 260306t1941||||xx |||||||||||||| ||spa||
041 _aESP
082 _a946.32
_bA69
100 _aAreilza, José M. de
_eAUT
245 0 _aReivindicaciones de España
260 _c1941
300 _a630 páginas :
_c24 cm.
650 _aGEN
654 _aCHU
942 _cLIB
_dJUS
_fJUS
_2ddc
_n
999 _c10731
_d10731